[Event "WCO 2016"]
[Site "?"]
[Date "2016.09.13"]
[Round "11"]
[Board "5"]
[WhiteID "8600694"]
[White "Zhang Zhong"]
[BlackID "9900373"]
[Black "Weerawardane Romesh"]
[Result "1-0"]
[BlackElo "2120"]
[WhiteElo "2637"]
[LiveChessVersion "1.4.8"]

1. e4 {[%clk 1:30:51]} e5 {[%clk 1:30:52]} 2. Nf3 {[%clk 1:30:58]} Nc6
{[%clk 1:31:13]} 3. Bb5 {[%clk 1:31:15]} Nge7 {[%clk 1:30:14]} 4. d4
{[%clk 1:29:50]} exd4 {[%clk 1:29:00]} 5. Nxd4 {[%clk 1:29:48]} g6
{[%clk 1:28:24]} 6. Nc3 {[%clk 1:29:16]} Bg7 {[%clk 1:28:47]} 7. Be3
{[%clk 1:29:40]} O-O {[%clk 1:28:30]} 8. O-O {[%clk 1:27:55]} a6 {[%clk 1:27:55]}
9. Bc4 {[%clk 1:26:39]} d6 {[%clk 1:21:14]} 10. a3 {[%clk 1:23:30]} Nxd4
{[%clk 1:13:09]} 11. Bxd4 {[%clk 1:23:55]} Be6 {[%clk 1:13:12]} 12. Bxg7
{[%clk 1:20:32]} Kxg7 {[%clk 1:09:27]} 13. Qd4+ {[%clk 1:20:13]} Kg8
{[%clk 1:09:52]} 14. f4 {[%clk 1:20:36]} b5 {[%clk 1:00:45]} 15. Be2
{[%clk 1:17:06]} f5 {[%clk 0:49:17]} 16. Bf3 {[%clk 1:16:56]} Rb8
{[%clk 0:44:16]} 17. e5 {[%clk 1:16:38]} d5 {[%clk 0:35:08]} 18. Ne2
{[%clk 1:14:26]} c6 {[%clk 0:27:59]} 19. b4 {[%clk 1:11:52]} Qb6 {[%clk 0:20:42]}
20. Qxb6 {[%clk 1:10:30]} Rxb6 {[%clk 0:21:05]} 21. Nd4 {[%clk 1:10:57]} Kf7
{[%clk 0:20:43]} 22. a4 {[%clk 1:10:23]} Rc8 {[%clk 0:18:38]} 23. Nb3
{[%clk 1:10:21]} Rc7 {[%clk 0:16:41]} 24. Nc5 {[%clk 1:10:16]} Bc8
{[%clk 0:14:58]} 25. Ra3 {[%clk 1:08:33]} bxa4 {[%clk 0:08:10]} 26. Rxa4
{[%clk 1:07:30]} a5 {[%clk 0:08:30]} 27. bxa5 {[%clk 1:06:54]} Rb5
{[%clk 0:08:55]} 28. Nb3 {[%clk 1:07:11]} c5 {[%clk 0:08:49]} 29. Be2
{[%clk 1:07:24]} c4 {[%clk 0:07:47]} 30. Nd4 {[%clk 1:07:38]} Rb2
{[%clk 0:06:14]} 31. Bf3 {[%clk 1:07:06]} Ra7 {[%clk 0:06:30]} 32. Kf2
{[%clk 1:06:51]} Ba6 {[%clk 0:05:01]} 33. Ke3 {[%clk 1:07:02]} Rc7
{[%clk 0:03:47]} 34. Rd1 {[%clk 1:06:27]} Rc5 {[%clk 0:03:49]} 35. Ra3
{[%clk 1:06:23]} Rb4 {[%clk 0:03:17]} 36. h3 {[%clk 1:05:19]} Rb8
{[%clk 0:02:53]} 37. g4 {[%clk 1:01:27]} Bc8 {[%clk 0:02:36]} 38. a6
{[%clk 1:01:17]} Ra8 {[%clk 0:02:47]} 39. a7 {[%clk 1:01:44]} Bd7
{[%clk 0:02:31]} 40. Ra6 {[%clk 1:30:53]} Bc8 {[%clk 0:31:34]} 41. Rf6+
{[%clk 1:29:31]} Ke8 {[%clk 0:31:21]} 42. Ra1 {[%clk 1:29:45]} fxg4
{[%clk 0:30:24]} 43. hxg4 {[%clk 1:29:52]} Bd7 {[%clk 0:30:36]} 44. Rb6
{[%clk 1:29:07]} Kd8 {[%clk 0:28:34]} 45. Rb8+ {[%clk 1:28:05]} Rc8
{[%clk 0:28:56]} 46. Rxa8 {[%clk 1:28:25]} Rxa8 {[%clk 0:29:22]} 47. e6
{[%clk 1:28:41]} Bc8 {[%clk 0:28:08]} 48. f5 {[%clk 1:29:00]} gxf5
{[%clk 0:28:27]} 49. gxf5 {[%clk 1:29:26]} Nxf5+ {[%clk 0:28:35]} 50. Nxf5
{[%clk 1:29:50]} Bxe6 {[%clk 0:28:51]} 1-0

[Event "WCO 2016"]
[Site "?"]
[Date "2016.09.13"]
[Round "11"]
[Board "6"]
[WhiteID "9901302"]
[White "Kavinda Akila"]
[BlackID "5804418"]
[Black "Tin Jingyao"]
[Result "1/2-1/2"]
[BlackElo "2439"]
[WhiteElo "2020"]
[LiveChessVersion "1.4.8"]

1. Nf3 {[%clk 1:30:48]} d5 {[%clk 1:30:48]} 2. g3 {[%clk 1:31:14]} Nf6
{[%clk 1:31:11]} 3. Bg2 {[%clk 1:31:40]} c6 {[%clk 1:31:28]} 4. O-O
{[%clk 1:32:04]} Bg4 {[%clk 1:31:47]} 5. d3 {[%clk 1:32:09]} Nbd7
{[%clk 1:32:06]} 6. Qe1 {[%clk 1:30:32]} e5 {[%clk 1:31:30]} 7. e4
{[%clk 1:30:58]} dxe4 {[%clk 1:31:14]} 8. dxe4 {[%clk 1:31:23]} Be7
{[%clk 1:30:01]} 9. a4 {[%clk 1:31:25]} O-O {[%clk 1:27:13]} 10. Na3
{[%clk 1:31:30]} Qc7 {[%clk 1:26:45]} 11. h3 {[%clk 1:31:17]} Bh5
{[%clk 1:27:03]} 12. Nh4 {[%clk 1:19:14]} Rfe8 {[%clk 1:24:20]} 13. Nf5
{[%clk 1:15:04]} Bf8 {[%clk 1:22:08]} 14. Nc4 {[%clk 0:56:00]} Nc5
{[%clk 1:11:43]} 15. b4 {[%clk 0:53:20]} Nxa4 {[%clk 0:51:31]} 16. Rxa4
{[%clk 0:46:21]} b5 {[%clk 0:51:52]} 17. Ra2 {[%clk 0:35:46]} bxc4
{[%clk 0:52:08]} 18. Qc3 {[%clk 0:27:15]} Qb7 {[%clk 0:50:36]} 19. Bg5
{[%clk 0:18:28]} Nd7 {[%clk 0:47:05]} 20. Qxc4 {[%clk 0:14:00]} Nb6
{[%clk 0:45:29]} 21. Qc3 {[%clk 0:12:50]} f6 {[%clk 0:39:04]} 22. Be3
{[%clk 0:09:45]} Bf7 {[%clk 0:39:01]} 23. Raa1 {[%clk 0:09:15]} Nc4
{[%clk 0:32:43]} 24. Bc5 {[%clk 0:06:30]} Red8 {[%clk 0:22:11]} 25. Bxf8
{[%clk 0:02:07]} Kxf8 {[%clk 0:22:15]} 26. Rfd1 {[%clk 0:02:29]} g6
{[%clk 0:17:26]} 27. Rxd8+ {[%clk 0:02:08]} Rxd8 {[%clk 0:17:50]} 28. Ne3
{[%clk 0:01:59]} Nxe3 {[%clk 0:17:39]} 29. Qxe3 {[%clk 0:02:18]} Qxb4
{[%clk 0:17:19]} 30. Rxa7 {[%clk 0:02:40]} Qb1+ {[%clk 0:15:39]} 31. Kh2
{[%clk 0:00:34]} Qxc2 {[%clk 0:13:58]} 32. Qh6+ {[%clk 0:00:31]} Kg8
{[%clk 0:14:10]} 33. Qe3 {[%clk 0:00:33]} c5 {[%clk 0:12:28]} 34. Rc7
{[%clk 0:00:39]} Qc4 {[%clk 0:08:14]} 35. Rxc5 {[%clk 0:00:36]} Qd4
{[%clk 0:08:29]} 36. Rc3 {[%clk 0:00:37]} Qxe3 {[%clk 0:08:52]} 37. Rxe3
{[%clk 0:01:03]} Rd2 {[%clk 0:09:19]} 38. Kg1 {[%clk 0:00:47]} Be6
{[%clk 0:08:41]} 39. h4 {[%clk 0:00:53]} g5 {[%clk 0:07:46]} 40. hxg5
{[%clk 0:30:39]} fxg5 {[%clk 0:38:11]} 41. Ra3 {[%clk 0:26:23]} Kf7
{[%clk 0:37:05]} 42. Ra7+ {[%clk 0:15:44]} Rd7 {[%clk 0:37:30]} 43. Ra5
{[%clk 0:15:03]} Kf6 {[%clk 0:37:39]} 44. Ra6 {[%clk 0:15:13]} h5
{[%clk 0:36:27]} 45. Bf3 {[%clk 0:14:53]} g4 {[%clk 0:36:08]} 46. Be2
{[%clk 0:14:27]} Kf7 {[%clk 0:35:19]} 47. Ra5 {[%clk 0:12:28]} Rd2
{[%clk 0:34:42]} 48. Kf1 {[%clk 0:12:21]} Kf6 {[%clk 0:34:47]} 49. Ra6
{[%clk 0:11:54]} Ke7 {[%clk 0:30:42]} 50. Ra5 {[%clk 0:10:50]} Kd6
{[%clk 0:30:12]} 51. Ra6+ {[%clk 0:11:14]} Kd7 {[%clk 0:30:16]} 52. Ra5
{[%clk 0:11:21]} Kd6 {[%clk 0:29:33]} 53. Ra6+ {[%clk 0:11:42]} Ke7
{[%clk 0:29:59]} 54. Ra5 {[%clk 0:11:45]} Kf6 {[%clk 0:29:49]} 55. Ra6
{[%clk 0:12:06]} Rc2 {[%clk 0:22:10]} 56. Bd3 {[%clk 0:10:20]} Rc5
{[%clk 0:22:21]} 57. Ke2 {[%clk 0:10:13]} Rc7 {[%clk 0:22:01]} 58. Ra5
{[%clk 0:10:03]} Rc6 {[%clk 0:21:31]} 59. Ra6 {[%clk 0:08:46]} Rc7
{[%clk 0:19:54]} 60. Ke3 {[%clk 0:07:07]} Ke7 {[%clk 0:19:34]} 61. Ra5
{[%clk 0:06:16]} Kd6 {[%clk 0:18:39]} 62. Ra6+ {[%clk 0:06:39]} Rc6
{[%clk 0:18:50]} 63. Ra7 {[%clk 0:05:43]} Rb6 {[%clk 0:13:33]} 64. Rh7
{[%clk 0:04:53]} Rb3 {[%clk 0:13:53]} 65. Rh6 {[%clk 0:04:44]} Ke7
{[%clk 0:13:20]} 66. Kd2 {[%clk 0:04:12]} Rb2+ {[%clk 0:13:38]} 67. Ke3
{[%clk 0:04:34]} Bf7 {[%clk 0:13:49]} 68. Ra6 {[%clk 0:04:14]} Be6
{[%clk 0:10:45]} 69. Ra5 {[%clk 0:04:03]} Kd6 {[%clk 0:10:22]} 70. Ra6+
{[%clk 0:04:25]} Ke7 {[%clk 0:10:00]} 71. Ra5 {[%clk 0:04:51]} Kf6
{[%clk 0:07:58]} 72. Ra6 {[%clk 0:04:43]} Rb4 {[%clk 0:08:12]} 73. Kd2
{[%clk 0:04:43]} Ke7 {[%clk 0:07:40]} 74. Ra5 {[%clk 0:04:33]} Kf6
{[%clk 0:07:23]} 1/2-1/2

[Event "WCO 2016"]
[Site "?"]
[Date "2016.09.13"]
[Round "11"]
[Board "7"]
[WhiteID "5801770"]
[White "Shanmugam Ravindran"]
[BlackID "9901566"]
[Black "Priyankara Chamil"]
[Result "1-0"]
[BlackElo "2015"]
[WhiteElo "2345"]
[LiveChessVersion "1.4.8"]

1. e4 {[%clk 1:30:48]} c5 {[%clk 1:30:58]} 2. d3 {[%clk 1:31:08]} g6
{[%clk 1:30:40]} 3. g3 {[%clk 1:31:31]} Bg7 {[%clk 1:31:08]} 4. Bg2
{[%clk 1:31:53]} Nc6 {[%clk 1:31:37]} 5. f4 {[%clk 1:32:14]} e6 {[%clk 1:31:43]}
6. Nf3 {[%clk 1:32:38]} Nge7 {[%clk 1:32:11]} 7. c3 {[%clk 1:32:58]} b5
{[%clk 1:05:23]} 8. Be3 {[%clk 1:31:26]} d6 {[%clk 1:02:55]} 9. d4
{[%clk 1:28:56]} cxd4 {[%clk 0:57:03]} 10. cxd4 {[%clk 1:29:10]} O-O
{[%clk 0:56:52]} 11. O-O {[%clk 1:29:26]} Bb7 {[%clk 0:51:43]} 12. Nbd2
{[%clk 1:20:57]} Rc8 {[%clk 0:48:47]} 13. Rc1 {[%clk 1:18:42]} Qa5
{[%clk 0:45:29]} 14. Nb3 {[%clk 1:15:14]} Qa6 {[%clk 0:40:25]} 15. e5
{[%clk 0:56:14]} Na5 {[%clk 0:34:55]} 16. exd6 {[%clk 0:31:57]} Nf5
{[%clk 0:34:40]} 17. Rxc8 {[%clk 0:29:18]} Rxc8 {[%clk 0:34:24]} 18. d7
{[%clk 0:22:37]} Rd8 {[%clk 0:33:52]} 19. Nc5 {[%clk 0:17:08]} Nxe3
{[%clk 0:33:33]} 20. Qd3 {[%clk 0:16:58]} Qb6 {[%clk 0:20:41]} 21. Qxe3
{[%clk 0:16:20]} Nc4 {[%clk 0:20:37]} 22. Qf2 {[%clk 0:14:44]} Bc6
{[%clk 0:08:16]} 23. b3 {[%clk 0:12:55]} Nd6 {[%clk 0:08:36]} 24. Ne5
{[%clk 0:12:41]} Bxg2 {[%clk 0:08:14]} 25. Qxg2 {[%clk 0:12:11]} Nf5
{[%clk 0:07:39]} 26. Qe4 {[%clk 0:11:34]} Nd6 {[%clk 0:05:59]} 27. Qg2
{[%clk 0:05:35]} Nf5 {[%clk 0:06:27]} 28. Qe4 {[%clk 0:05:37]} Nd6
{[%clk 0:06:25]} 29. Qf3 {[%clk 0:05:50]} Nf5 {[%clk 0:06:36]} 30. Qf2
{[%clk 0:05:52]} Ne7 {[%clk 0:04:19]} 31. b4 {[%clk 0:05:08]} Nd5
{[%clk 0:03:01]} 32. a3 {[%clk 0:05:09]} Bf6 {[%clk 0:02:26]} 33. Rc1
{[%clk 0:04:17]} Be7 {[%clk 0:02:25]} 34. Rc2 {[%clk 0:03:28]} Rf8
{[%clk 0:01:42]} 35. h3 {[%clk 0:03:00]} Bd6 {[%clk 0:01:13]} 36. Kh2
{[%clk 0:02:56]} h5 {[%clk 0:01:19]} 37. Ne4 {[%clk 0:03:01]} Bxe5
{[%clk 0:00:56]} 38. fxe5 {[%clk 0:02:27]} Qd8 {[%clk 0:01:03]} 39. Rc5
{[%clk 0:01:58]} a6 {[%clk 0:01:05]} 40. Qd2 {[%clk 0:31:28]} Kg7
{[%clk 0:31:01]} 41. Rxd5 {[%clk 0:17:17]} exd5 {[%clk 0:31:15]} 42. Nf6
{[%clk 0:17:41]} Qa8 {[%clk 0:22:59]} 43. Qg5 {[%clk 0:16:31]} a5
{[%clk 0:20:34]} 44. Nxh5+ {[%clk 0:15:38]} Kh7 {[%clk 0:20:58]} 45. Nf6+
{[%clk 0:15:17]} Kg7 {[%clk 0:21:26]} 46. Ng4 {[%clk 0:13:09]} f5
{[%clk 0:19:02]} 47. exf6+ {[%clk 0:13:18]} Kf7 {[%clk 0:19:18]} 48. Qe5
{[%clk 0:12:09]} 1-0

[Event "WCO 2016"]
[Site "?"]
[Date "2016.09.13"]
[Round "11"]
[Board "8"]
[WhiteID "9904166"]
[White "Lamawansa Yasas"]
[BlackID "5801664"]
[Black "Foo Zhi Rong Benjamin"]
[Result "0-1"]
[BlackElo "2233"]
[WhiteElo "2052"]
[LiveChessVersion "1.4.8"]

1. d4 {[%clk 1:30:57]} Nf6 {[%clk 1:30:53]} 2. c4 {[%clk 1:31:22]} e6
{[%clk 1:30:54]} 3. g3 {[%clk 1:31:37]} c5 {[%clk 1:31:16]} 4. d5
{[%clk 1:30:48]} exd5 {[%clk 1:31:23]} 5. cxd5 {[%clk 1:31:17]} d6
{[%clk 1:31:48]} 6. Nc3 {[%clk 1:31:15]} g6 {[%clk 1:32:14]} 7. Bg2
{[%clk 1:30:54]} Bg7 {[%clk 1:30:13]} 8. Nf3 {[%clk 1:28:11]} O-O
{[%clk 1:30:34]} 9. O-O {[%clk 1:28:39]} Re8 {[%clk 1:30:57]} 10. Nd2
{[%clk 1:28:24]} a6 {[%clk 1:30:32]} 11. a4 {[%clk 1:28:50]} Nbd7
{[%clk 1:30:47]} 12. h3 {[%clk 1:29:12]} Rb8 {[%clk 1:30:56]} 13. Nc4
{[%clk 1:29:25]} Ne5 {[%clk 1:31:06]} 14. Na3 {[%clk 1:29:52]} Nh5
{[%clk 1:29:43]} 15. Kh2 {[%clk 1:29:42]} f5 {[%clk 1:27:31]} 16. f4
{[%clk 1:27:57]} Nf7 {[%clk 1:25:34]} 17. Re1 {[%clk 1:10:46]} Bd7
{[%clk 1:13:58]} 18. Qd3 {[%clk 1:05:38]} g5 {[%clk 0:44:29]} 19. Qf3
{[%clk 1:00:12]} g4 {[%clk 0:43:10]} 20. Qd3 {[%clk 1:00:31]} b5 {[%clk 0:41:12]}
21. axb5 {[%clk 0:58:27]} axb5 {[%clk 0:40:59]} 22. Naxb5 {[%clk 0:57:58]} c4
{[%clk 0:35:08]} 23. Qxc4 {[%clk 0:49:53]} Qb6 {[%clk 0:35:14]} 24. hxg4
{[%clk 0:44:35]} Nf6 {[%clk 0:27:13]} 25. Na3 {[%clk 0:37:10]} Rbc8
{[%clk 0:26:18]} 26. Qa2 {[%clk 0:35:28]} Nxg4+ {[%clk 0:26:40]} 27. Kh3
{[%clk 0:33:27]} Nf2+ {[%clk 0:27:01]} 28. Kh2 {[%clk 0:33:45]} Ng4+
{[%clk 0:27:20]} 29. Kh3 {[%clk 0:33:51]} Qd4 {[%clk 0:14:35]} 30. Bf3
{[%clk 0:29:40]} Qf2 {[%clk 0:14:24]} 31. Rh1 {[%clk 0:28:22]} Nge5
{[%clk 0:06:56]} 32. Nd1 {[%clk 0:22:25]} Ng5+ {[%clk 0:06:58]} 33. fxg5
{[%clk 0:22:37]} f4+ {[%clk 0:07:11]} 34. Kh4 {[%clk 0:23:01]} Qxg3+
{[%clk 0:07:36]} 35. Kh5 {[%clk 0:22:44]} Bg4+ {[%clk 0:07:54]} 36. Bxg4
{[%clk 0:22:59]} Qxg4# {[%clk 0:08:19]} 0-1

[Event "WCO 2016"]
[Site "?"]
[Date "2016.09.13"]
[Round "11"]
[Board "9"]
[WhiteID "5105382"]
[White "Capo Vidal Uriel"]
[BlackID "7000812"]
[Black "Kojima Shinya"]
[Result "0-1"]
[BlackElo "2398"]
[WhiteElo "2314"]
[LiveChessVersion "1.4.8"]

1. d4 {[%clk 1:30:31]} d5 {[%clk 1:30:44]} 2. c4 {[%clk 1:28:22]} c6
{[%clk 1:31:07]} 3. Nc3 {[%clk 1:28:29]} Nf6 {[%clk 1:31:31]} 4. Nf3
{[%clk 1:28:27]} dxc4 {[%clk 1:31:29]} 5. a4 {[%clk 1:28:25]} e6 {[%clk 1:31:35]}
6. e4 {[%clk 1:25:17]} Bb4 {[%clk 1:31:30]} 7. Bxc4 {[%clk 1:23:52]} Nxe4
{[%clk 1:31:24]} 8. O-O {[%clk 1:23:21]} Nf6 {[%clk 1:31:02]} 9. Bg5
{[%clk 1:17:28]} Nbd7 {[%clk 1:27:35]} 10. Qe2 {[%clk 1:13:40]} O-O
{[%clk 1:26:47]} 11. a5 {[%clk 1:07:18]} Bxa5 {[%clk 1:18:14]} 12. Ne5
{[%clk 1:03:13]} Bb4 {[%clk 1:13:26]} 13. Rfe1 {[%clk 1:00:55]} Qc7
{[%clk 1:08:19]} 14. Bd3 {[%clk 0:55:13]} Bd6 {[%clk 0:58:24]} 15. Rac1
{[%clk 0:38:24]} a6 {[%clk 0:57:37]} 16. Qe3 {[%clk 0:28:14]} Nd5
{[%clk 0:49:36]} 17. Qh3 {[%clk 0:27:37]} f5 {[%clk 0:44:21]} 18. Nxd5
{[%clk 0:21:13]} exd5 {[%clk 0:44:38]} 19. Bxf5 {[%clk 0:21:05]} Nf6
{[%clk 0:32:59]} 20. Be6+ {[%clk 0:21:29]} Bxe6 {[%clk 0:32:33]} 21. Qxe6+
{[%clk 0:21:57]} Kh8 {[%clk 0:32:32]} 22. Bxf6 {[%clk 0:17:51]} Rxf6
{[%clk 0:32:29]} 23. Qh3 {[%clk 0:18:03]} Kg8 {[%clk 0:29:00]} 24. Rc2
{[%clk 0:17:22]} Re8 {[%clk 0:28:31]} 25. Rce2 {[%clk 0:17:30]} Rfe6
{[%clk 0:28:08]} 26. f4 {[%clk 0:17:24]} Qb6 {[%clk 0:23:48]} 27. Qd3
{[%clk 0:14:22]} Bxe5 {[%clk 0:21:13]} 28. Kh1 {[%clk 0:11:16]} Qxd4
{[%clk 0:17:28]} 29. Qxd4 {[%clk 0:11:26]} Bxd4 {[%clk 0:17:53]} 30. Rxe6
{[%clk 0:11:53]} Rxe6 {[%clk 0:18:17]} 31. Rxe6 {[%clk 0:12:22]} Bxb2
{[%clk 0:18:28]} 32. Re7 {[%clk 0:08:06]} b5 {[%clk 0:18:36]} 33. Ra7
{[%clk 0:07:50]} c5 {[%clk 0:18:21]} 34. Kg1 {[%clk 0:06:59]} c4 {[%clk 0:16:43]}
35. Kf1 {[%clk 0:07:19]} c3 {[%clk 0:16:24]} 36. Rc7 {[%clk 0:07:35]} b4
{[%clk 0:16:25]} 37. Ke2 {[%clk 0:08:00]} b3 {[%clk 0:16:34]} 0-1

[Event "WCO 2016"]
[Site "?"]
[Date "2016.09.13"]
[Round "11"]
[Board "10"]
[WhiteID "7000634"]
[White "Nanjo Ryosuke"]
[BlackID "5122279"]
[Black "Cofre Archibold Nestor"]
[Result "1-0"]
[BlackElo "2255"]
[WhiteElo "2340"]
[LiveChessVersion "1.4.8"]

1. e4 {[%clk 1:30:55]} g6 {[%clk 1:30:43]} 2. d4 {[%clk 1:31:17]} Bg7
{[%clk 1:31:10]} 3. Nc3 {[%clk 1:31:40]} c5 {[%clk 1:31:38]} 4. dxc5
{[%clk 1:30:35]} Qa5 {[%clk 1:31:44]} 5. Bd2 {[%clk 1:30:18]} Qxc5
{[%clk 1:31:08]} 6. Nd5 {[%clk 1:28:54]} b6 {[%clk 1:31:15]} 7. Bb4
{[%clk 1:26:49]} Qc6 {[%clk 1:25:31]} 8. Bb5 {[%clk 1:25:38]} Qb7
{[%clk 1:25:59]} 9. Nf3 {[%clk 1:10:01]} Nc6 {[%clk 1:25:30]} 10. Bc3
{[%clk 1:08:32]} f6 {[%clk 1:22:09]} 11. a4 {[%clk 0:53:43]} Nh6 {[%clk 1:20:57]}
12. Nd4 {[%clk 0:49:25]} Nf7 {[%clk 1:14:45]} 13. O-O {[%clk 0:41:33]} a6
{[%clk 1:10:52]} 14. Bc4 {[%clk 0:24:43]} O-O {[%clk 1:10:53]} 15. Ra3
{[%clk 0:23:53]} Rb8 {[%clk 1:01:28]} 16. Rb3 {[%clk 0:23:27]} Qa7
{[%clk 1:01:54]} 17. Nxc6 {[%clk 0:22:05]} dxc6 {[%clk 0:47:49]} 18. Nxb6
{[%clk 0:22:09]} Kh8 {[%clk 0:34:49]} 19. Nxc8 {[%clk 0:17:19]} Rbxc8
{[%clk 0:35:14]} 20. Qe2 {[%clk 0:17:05]} a5 {[%clk 0:28:50]} 21. Rd1
{[%clk 0:15:57]} Nd6 {[%clk 0:28:48]} 22. Be6 {[%clk 0:15:21]} Rcd8
{[%clk 0:29:04]} 23. h4 {[%clk 0:10:15]} Bh6 {[%clk 0:24:08]} 24. e5
{[%clk 0:07:25]} Nb7 {[%clk 0:16:32]} 25. exf6 {[%clk 0:06:23]} exf6
{[%clk 0:16:41]} 26. Rxd8 {[%clk 0:06:12]} Nxd8 {[%clk 0:17:06]} 27. Bc4
{[%clk 0:06:12]} Bg7 {[%clk 0:16:45]} 28. Qe3 {[%clk 0:04:07]} Qd7
{[%clk 0:13:24]} 29. Bxa5 {[%clk 0:02:40]} Nb7 {[%clk 0:13:49]} 30. Rd3
{[%clk 0:02:20]} Qg4 {[%clk 0:13:18]} 31. Rd4 {[%clk 0:02:44]} Qf5
{[%clk 0:12:36]} 32. Bc3 {[%clk 0:03:02]} Nc5 {[%clk 0:09:38]} 33. Qe7
{[%clk 0:01:25]} h5 {[%clk 0:00:39]} 34. Rd8 {[%clk 0:01:13]} Rxd8
{[%clk 0:00:49]} 35. Qxd8+ {[%clk 0:01:37]} Kh7 {[%clk 0:01:14]} 36. Bg8+
{[%clk 0:01:37]} Kh6 {[%clk 0:01:32]} 37. Qd2+ {[%clk 0:01:52]} g5
{[%clk 0:01:28]} 38. hxg5+ {[%clk 0:02:17]} Kg6 {[%clk 0:01:26]} 39. gxf6
{[%clk 0:02:14]} Ne4 {[%clk 0:01:32]} 40. Qe3 {[%clk 0:32:13]} Bxf6
{[%clk 0:31:06]} 41. Bxf6 {[%clk 0:32:10]} Nxf6 {[%clk 0:31:24]} 42. Bc4
{[%clk 0:32:27]} Kg7 {[%clk 0:31:38]} 43. Qe7+ {[%clk 0:32:31]} Kh6
{[%clk 0:31:49]} 44. Qf8+ {[%clk 0:32:46]} Kg5 {[%clk 0:32:11]} 45. Qg7+
{[%clk 0:33:10]} Kf4 {[%clk 0:32:35]} 46. Qg3+ {[%clk 0:33:35]} 1-0

[Event "WCO 2016"]
[Site "?"]
[Date "2016.09.13"]
[Round "11"]
[Board "11"]
[WhiteID "5110475"]
[White "Garcia Guerrero Isaac Antonio"]
[BlackID "2028255"]
[Black "Averbukh Alex"]
[Result "1-0"]
[BlackElo "2223"]
[WhiteElo "2308"]
[LiveChessVersion "1.4.8"]

1. d4 {[%clk 1:30:55]} d5 {[%clk 1:30:48]} 2. Bg5 {[%clk 1:30:59]} Bf5
{[%clk 1:29:41]} 3. Nf3 {[%clk 1:31:05]} Qd6 {[%clk 1:29:11]} 4. Nbd2
{[%clk 1:29:46]} Nc6 {[%clk 1:25:53]} 5. c3 {[%clk 1:28:44]} f6 {[%clk 1:24:48]}
6. Bh4 {[%clk 1:27:51]} e5 {[%clk 1:24:25]} 7. dxe5 {[%clk 1:17:11]} fxe5
{[%clk 1:21:26]} 8. e4 {[%clk 1:16:12]} dxe4 {[%clk 1:20:06]} 9. Ng5
{[%clk 1:15:52]} Qh6 {[%clk 1:19:11]} 10. g3 {[%clk 0:48:39]} Nf6
{[%clk 1:10:33]} 11. Bc4 {[%clk 0:40:44]} Nd8 {[%clk 1:07:50]} 12. Qb3
{[%clk 0:38:10]} Bd6 {[%clk 1:05:46]} 13. Bf7+ {[%clk 0:32:42]} Ke7
{[%clk 1:05:08]} 14. Nc4 {[%clk 0:27:35]} Bg6 {[%clk 0:54:29]} 15. Nxd6
{[%clk 0:20:04]} cxd6 {[%clk 0:54:40]} 16. Bc4 {[%clk 0:19:31]} Rc8
{[%clk 0:52:45]} 17. Rd1 {[%clk 0:18:09]} Bf5 {[%clk 0:48:11]} 18. O-O
{[%clk 0:13:49]} Qg6 {[%clk 0:37:34]} 19. Qb4 {[%clk 0:14:03]} Rc6
{[%clk 0:37:15]} 20. Rxd6 {[%clk 0:09:50]} Rxd6 {[%clk 0:37:13]} 21. Rd1
{[%clk 0:10:09]} Kd7 {[%clk 0:34:27]} 22. Rxd6+ {[%clk 0:07:35]} Kc8
{[%clk 0:33:55]} 23. Qc5+ {[%clk 0:07:24]} Kb8 {[%clk 0:34:14]} 24. Qxe5
{[%clk 0:06:56]} Ka8 {[%clk 0:34:20]} 25. Bd5 {[%clk 0:05:24]} Bc8
{[%clk 0:22:03]} 26. Qd4 {[%clk 0:04:06]} Nc6 {[%clk 0:18:04]} 27. Rxc6
{[%clk 0:02:05]} bxc6 {[%clk 0:18:26]} 28. Bxc6+ {[%clk 0:02:30]} Bb7
{[%clk 0:18:45]} 29. Bxb7+ {[%clk 0:02:41]} Kxb7 {[%clk 0:19:14]} 30. Ne6
{[%clk 0:02:56]} e3 {[%clk 0:15:32]} 31. Qxe3 {[%clk 0:01:24]} Qb1+
{[%clk 0:13:50]} 32. Kg2 {[%clk 0:01:52]} Qxa2 {[%clk 0:13:21]} 33. Bxf6
{[%clk 0:01:46]} Qd5+ {[%clk 0:13:27]} 34. f3 {[%clk 0:01:51]} gxf6
{[%clk 0:13:47]} 35. Nc5+ {[%clk 0:02:05]} Kc6 {[%clk 0:14:01]} 36. Nd3
{[%clk 0:02:26]} a5 {[%clk 0:13:15]} 37. Nf4 {[%clk 0:02:44]} Qd6
{[%clk 0:13:25]} 38. Qe4+ {[%clk 0:02:50]} Kb6 {[%clk 0:11:13]} 39. Qe3+
{[%clk 0:03:06]} Kb7 {[%clk 0:11:14]} 40. Qe4+ {[%clk 0:33:21]} Ka7
{[%clk 0:40:36]} 41. Qa4 {[%clk 0:30:03]} Kb6 {[%clk 0:38:59]} 42. Qb3+
{[%clk 0:30:18]} Kc6 {[%clk 0:39:03]} 43. Qc4+ {[%clk 0:30:11]} Kb7
{[%clk 0:38:47]} 44. Ne6 {[%clk 0:28:32]} Rc8 {[%clk 0:30:37]} 45. Qe4+
{[%clk 0:26:30]} Ka6 {[%clk 0:30:27]} 46. Nd4 {[%clk 0:25:46]} h6
{[%clk 0:24:02]} 47. Qd3+ {[%clk 0:25:02]} Kb7 {[%clk 0:24:12]} 48. Qh7+
{[%clk 0:25:04]} Ka6 {[%clk 0:24:24]} 49. Qxh6 {[%clk 0:25:10]} Rb8
{[%clk 0:24:31]} 50. Qd2 {[%clk 0:24:37]} Qb6 {[%clk 0:23:51]} 51. b3
{[%clk 0:24:22]} Qc5 {[%clk 0:23:30]} 52. Qd3+ {[%clk 0:22:51]} Ka7
{[%clk 0:20:28]} 53. h4 {[%clk 0:21:52]} Rc8 {[%clk 0:20:13]} 54. g4
{[%clk 0:21:36]} Kb8 {[%clk 0:20:14]} 55. h5 {[%clk 0:17:34]} Qxc3
{[%clk 0:19:12]} 56. Qxc3 {[%clk 0:17:19]} Rxc3 {[%clk 0:19:38]} 57. h6
{[%clk 0:17:40]} Rc7 {[%clk 0:19:50]} 58. f4 {[%clk 0:17:35]} Rd7
{[%clk 0:18:56]} 59. Nf3 {[%clk 0:17:37]} Rh7 {[%clk 0:18:42]} 60. g5
{[%clk 0:18:00]} Kc7 {[%clk 0:18:50]} 61. Kg3 {[%clk 0:17:02]} Kd6
{[%clk 0:18:22]} 62. Kg4 {[%clk 0:16:27]} Ke7 {[%clk 0:16:52]} 63. Nd4
{[%clk 0:14:07]} Kf7 {[%clk 0:16:18]} 64. Kf5 {[%clk 0:14:14]} fxg5
{[%clk 0:16:15]} 65. fxg5 {[%clk 0:14:34]} Kg8 {[%clk 0:16:29]} 66. Nc6
{[%clk 0:11:24]} Rb7 {[%clk 0:14:15]} 67. g6 {[%clk 0:11:22]} Kf8
{[%clk 0:10:32]} 68. g7+ {[%clk 0:10:59]} Kg8 {[%clk 0:09:57]} 69. Kg6
{[%clk 0:11:09]} Rxg7+ {[%clk 0:10:10]} 70. hxg7 {[%clk 0:11:31]} a4
{[%clk 0:10:37]} 71. Ne7# {[%clk 0:11:39]} 1-0